| 000 | 00538nam a22001817a 4500 | ||
|---|---|---|---|
| 999 |
_c9584 _d9584 |
||
| 008 | 180709b ||||| |||| 00| 0 eng d | ||
| 020 | _a978-1-305-63521-0 | ||
| 082 |
_22018 _aDC 621.319 _bK163 |
||
| 100 |
_928474 _aKang, James S. |
||
| 245 |
_aElectric circuits/ _cJames S . Kang |
||
| 250 | _aFirst Edition | ||
| 260 |
_aAustralia: _bCengage Learning, _c©2018 |
||
| 300 |
_axvi, 1566 pages: _billustrations; _c28 cm. |
||
| 500 | _aIncludes index. | ||
| 650 | 0 |
_928485 _aElectric circuits |
|
| 365 |
_b10,238.00 _cPhp. |
||
| 942 |
_2ddc _cDC |
||